00214 a2200109 4500001000700000020000600007040001100013100001000024240003300034245002800067362000900095178544 a  cMagnum aFanny10aQuem tem medo de bruxa?lSEM10aQuem tem medo de bruxa?0 a1899